Souvenir : National institute of personnel management (Record no. 92642)

MARC details
000 -LEADER
fixed length control field 00465nam a2200169Ia 4500
008 - FIXED-LENGTH DATA ELEMENTS--GENERAL INFORMATION
fixed length control field 230125s9999 xx 000 0 und d
041 ## - LANGUAGE CODE
Language code of text/sound track or separate title eng
082 ## - DEWEY DECIMAL CLASSIFICATION NUMBER
Classification number 658.31
Item number DAN
100 ## - MAIN ENTRY--PERSONAL NAME
Personal name Dangare V B, Ed.
9 (RLIN) 114955
245 ## - TITLE STATEMENT
Title Souvenir : National institute of personnel management
260 ## - PUBLICATION, DISTRIBUTION, ETC. (IMPRINT)
Date of publication, distribution, etc. 2005
Name of publisher, distributor, etc. NIPM
Place of publication, distribution, etc. Nashik
300 ## - PHYSICAL DESCRIPTION
Extent 100p
500 ## - GENERAL NOTE
Keywords Personnel Management
650 ## - SUBJECT ADDED ENTRY--TOPICAL TERM
Topical term or geographic name as entry element Personnel management
700 ## - ADDED ENTRY--PERSONAL NAME
Personal name Dangare V B, Ed.
9 (RLIN) 114955
Holdings
Withdrawn status Lost status Damaged status Not for loan Home library Current library Date acquired Vendor Full call number Barcode Date last seen Bill Date Koha item type Original Barcode
Withdrawn       Smt. Hiraben Nanavati Institute of Management & Research for Women Smt. Hiraben Nanavati Institute of Management & Research for Women 10/01/2006 Satya Gilani 658.31 DAN DB0976 HIMR-DB-976 25/01/2023 10/01/2006 Donated Book DB0976